Catálogo
 En Linea

¿El cálculo integral y diferencial?... : (Registro nro. 23951)

Detalles MARC
000 -CABECERA
campo de control de longitud fija 00864nam a2200217 a 4500
001 - NÚMERO DE CONTROL
campo de control 000024458
005 - FECHA Y HORA DE LA ÚLTIMA TRANSACCIÓN
campo de control 20200930023202.0
008 - DATOS DE LONGITUD FIJA--INFORMACIÓN GENERAL
campo de control de longitud fija 110127s1974 sp a r 001 0 spa d
040 ## - FUENTE DE LA CATALOGACIÓN
Centro catalogador/agencia de origen DO-SdBNP
Lengua de catalogación spa
Centro/agencia transcriptor BNPHU
041 17 - CÓDIGO DE LENGUA
Código de lengua del texto/banda sonora o título independiente spa
Código de lengua original fre
Fuente del código Código de idiomas MARC
082 ## - NÚMERO DE LA CLASIFICACIÓN DECIMAL DEWEY
Número de clasificación nn*
Número de documento/Ítem nn*
049 ## - FONDOS LOCALES (OCLC)
Fondos de biblioteca BNGR
100 1# - ENTRADA PRINCIPAL--NOMBRE DE PERSONA
Nombre de persona Klinger, Fred.
9 (RLIN) 50136
240 10 - TÍTULO UNIFORME
Título uniforme Mais oui, vous comprenez le calcul integral et differentiel!
Lenguaje de la obra Español
245 14 - MENCIÓN DE TÍTULO
Título ¿El cálculo integral y diferencial?... :
Resto del título ¡pero si es muy fácil! /
Mención de responsabilidad, etc. Fred Klinger ; traducción de Luis Ibañez ; prólogo Jean Quinet.
260 ## - PUBLICACIÓN, DISTRIBUCIÓN, ETC.
Lugar de publicación, distribución, etc. Barcelona :
Nombre del editor, distribuidor, etc. Técnicas Marcombo,
Fecha de publicación, distribución, etc. 1974.
300 ## - DESCRIPCIÓN FÍSICA
Extensión 262 p. :
Otras características físicas il. ;
Dimensiones 21 cm.
534 ## - NOTA SOBRE LA VERSIÓN ORIGINAL
Encabezamiento principal del original Título de la obra original :
Mención de título del original Mais oui, vous comprenez le calcul integral et differentiel!
700 1# - PUNTO DE ACCESO ADICIONAL--NOMBRE DE PERSONA
Nombre de persona Quinetm Jean,
Término indicativo de función/relación pról.
9 (RLIN) 50137
700 1# - PUNTO DE ACCESO ADICIONAL--NOMBRE DE PERSONA
Nombre de persona Ibañez, Luis,
Término indicativo de función/relación tr.
9 (RLIN) 50138
Existencias
Estado de retiro Estado de pérdida Restricciones de uso No para préstamo Código de colección Localización permanente Ubicación/localización actual Ubicación en estantería Fecha de adquisición Número de inventario Total de préstamos Signatura topográfica completa Código de barras Fecha visto por última vez Precio válido a partir de Tipo de ítem Koha
        Monografías: Libros y Folletos General General En catalogación 27.01.2011 LF1   nn* nn* 24458-10 25.06.2020 25.06.2020 Préstamo en sala

Con tecnología Koha